LEADER 01003nam0-2200337---450- 001 990008417040403321 005 20061110170835.0 010 $a88-263-1582-5 035 $a000841704 035 $aFED01000841704 035 $a(Aleph)000841704FED01 035 $a000841704 100 $a20061110d2006----km-y0itay50------ba 101 1 $aita 102 $aIT 105 $ay---y---001yy 200 1 $a<>imbrogli del corpo$fJacques-Alain Miller (a cura di)$gintroduzione all'edizione italiana di Antonio Di Ciaccia 210 $aRoma$cBorla$d2006 215 $a158 p.$d21 cm 225 1 $aPercorsi lacaniani 610 0 $aCorpo umano$aAspetti psicologici 676 $a616.891 7$v21$zita 702 1$aDi Ciaccia,$bAntonio$f<1944- > 702 1$aMiller,$bJacques-Alain$f<1944- > 801 0$aIT$bUNINA$gRICA$2UNIMARC 901 $aBK 912 $a990008417040403321 952 $aP.1 PSI 862$bBibl. 54611$fFLFBC 959 $aFLFBC 996 $aImbrogli del corpo$9725837 997 $aUNINA LEADER 03899nam 2200601Ia 450 001 9910437910903321 005 20260331110617.0 010 $a9781283911290 010 $a1283911299 010 $a9781447143901 010 $a1447143906 024 7 $a10.1007/978-1-4471-4390-1 035 $a(OCoLC)809370633 035 $a(MiFhGG)GVRL8NNO 035 $a(CKB)2670000000245982 035 $a(MiAaPQ)EBC1081715 035 $a(MiFhGG)9781447143901 035 $a(iGPub)SPNA0021745 035 $a(MiFhGG)9781447143895 035 $a(EXLCZ)992670000000245982 100 $a20120916h20122013 uy 0 101 0 $aeng 135 $aurun|---uuuua 181 $ctxt 182 $cc 183 $acr 200 10$aTechnology integration to business $efocusing on RFID, interoperability, and sustainability for manufacturing, logistics, and supply chain management /$fJohn T. Yee, Seog-Chan Oh 205 $a1st ed. 2013. 210 $aLondon $cSpringer$d2012, c2013 215 $a1 online resource (xvi, 324 pages) $cillustrations 225 0 $aGale eBooks 300 $aDescription based upon print version of record. 311 08$a9781447162254 311 08$a1447162250 311 08$a9781447143895 311 08$a1447143892 320 $aIncludes bibliographical references and index. 327 $aBackground and Introduction -- Assessment of the State-of-the-Art Technologies -- Technology Needs for Manufacturing, Logistics, and Supply Chain Management -- Technology Integration Preparation -- Technology Integration Planning and Execution. 330 $aToday?s global business environments drive companies to be more dependent on technology, and to remain competitive, firms will face situations in which they will need to introduce or adopt a new technology to their business. In order to achieve a successful integration with maximum return on investment, companies need a systematic approach that accommodates acomprehensive course of action of technology integration. Technology Integration to Business suggests a business-driven holistic approach of technology integration that consists of several steps. First, companies should examine the current state, issues, benefits, and obstacles of technology integration in conjunction with their competitive business strategy and operational capability. Second, firms should investigate new, emerging business technologies as to how those technologies can contribute to improve the business. Third, with the technology integration needs identified, companies should complete preparatory tasks before actual implementation, such as business process analysis, technology assessment, technology provider investigation, business case development, and cost-benefit analysis. Fourth, because the nature of a technology integration project involves many stakeholders in global locations, firms should use effective project management knowledge from project initiation, through planning, execution, and control, to close. Students will learn real-world technology integration processes in industry settings and become more prepared for future industrial careers. Practitioners will find thorough procedures and methods that are useful in practice to improve business performance. Realistic examples for manufacturing, logistics, and supply chain management application domains give the reader practical implications for the methods presented. 606 $aBusiness logistics 606 $aRadio frequency identification systems 615 0$aBusiness logistics. 615 0$aRadio frequency identification systems. 676 $a658.4038 700 $aYee$b John T$01064758 701 $aOh$b Seog-Chan$0761187 801 0$bMiAaPQ 801 1$bMiAaPQ 801 2$bMiAaPQ 906 $aBOOK 912 $a9910437910903321 996 $aTechnology integration to business$94204855 997 $aUNINA